Statistics for Project Apollo Quiz

Click here to take the quiz!

General Stats

  • This quiz has been taken 68 times
  • The average score is 14 of 26

Answer Stats

Hint Answer % Correct
Which United States President committed the nation to ‘landing a man on the moon and returning him safely to the earth’?John F. Kennedy
100%
Apollo 11’s landing site was located within what lunar ‘sea’?Sea of Tranquility
80%
What was the name of Apollo 11’s Lunar Module?Eagle
78%
What manned NASA project preceded the Apollo missions, paving the way for contemporary understandings of long-duration spaceflight?Project Gemini
78%
How many stages were part of the Saturn V rocket?three
76%
Who was the chief architect of the Saturn V rocket?Wernher von Braun
71%
How many manned Apollo missions landed on the moon?six
71%
From the bottom of the engine bells to the top of its escape tower, the Saturn V rocket stood nearly 20 meters taller than what famous New York City landmark?Statue of Liberty
71%
From what book of the Christian Bible did the Apollo 8 astronauts read during a live television broadcast on Christmas Eve, 1968?Genesis
63%
Name all three astronauts who perished in Apollo 1:Gus Grissom
63%
Ed White
59%
Roger Chaffee
59%
At one point, the Lunar Module (LM) was called the ‘LEM’. What do these initials stand for?Lunar Excursion Module
54%
Alan Shepard
54%
Jim Lovell
51%
What is the name of the massive building where the final assembly of the Saturn V and Apollo spacecraft took place?Vehicle Assembly Building
41%
After splashdown, what portion of the Apollo spacecraft would be retrieved?Command Module
41%
John Young
41%
Who was the only scientist to have walked on the moon?Harrison Schmitt
39%
What is the technical name of the ‘moon buggy’ used during the final three Apollo moon missions?Lunar Roving Vehicle
39%
Name the four astronauts who were prime crew members of multiple Apollo missions:Gene Cernan
39%
Name the two Mercury astronauts who travelled into space as part of the Apollo missions:Wally Schirra
39%
Much of the hardware used in the Apollo missions was employed during which space station program?Skylab
34%
The Greek god Apollo, from which the program derived its name, is the god of what?Light, music and the Sun
32%
Which portion of the Lunar Module remained on the moon?Descent Stage
29%
Dave Scott
27%

Score Distribution

Percentile by Number Answered

Percent of People with Each Score

Your Score History

You have not taken this quiz